000 00556nmm a2200193Ia 4500
008 251105s9999||||xx |||||||||||||||||und||
020 _a9788498418064
041 _aspa
100 _aSteiner, George
245 0 _aLa poesía del pensamiento :
_b Del helenismo a Celan
264 _a[Madrid, España] :
_bSiruela,
_c2012
300 _a232 páginas
490 _aEl ojo del tiempo
650 _aPhilosophy, Ethics
700 _aSteiner, George
700 1 _a Condor, María
856 _uhttps://public.digitaliapublishing.com/a/31984
942 _cCF
999 _c71714
_d71714